000 01204nam a22002297a 4500
999 _c61546
_d61546
005 20251125233055.0
008 s2553 th tha d
040 _aNALT
041 _atha
050 _aJS 7402.A1 พ343ส 2553
245 1 0 _aสูจิบัตรเวทีท้องถิ่นไทย ประจำปี 2553 :
_bThai Locol Forum 2010
260 3 _aกรุงเทพฯ :
_bวิทยาลัยพัฒนาการปกครองท้องถิ่น สถาบันพระปกเกล้า,
_c2553
300 _a63 หน้า :
_b ภาพประกอบ, ตาราง ;
_c 21 ซม.
610 _aสถาบันพระปกเกล้า
650 0 4 _aการปกครองท้องถิ่น -- นิทรรศการ
650 0 4 _aวิทยาลัยพัฒนาการปกครองท้องถิ่น
650 0 4 _aงานเวทีท้องถิ่นไทย -- สูจิบัตร
850 _aNALT
856 4 0 _uhttps://hdl.handle.net/20.500.14156/338181
_71
942 _cGB
_2lcc